| 000 | 00467nam a22001577a 4500 | ||
|---|---|---|---|
| 005 | 20260122143502.0 | ||
| 008 | 260122b |||||||| |||| 00| 0 eng d | ||
| 020 | _a9781292000183 | ||
| 050 |
_aHG173 _b.H8 HUB |
||
| 100 | _aHubbard R. Glenn | ||
| 245 |
_aMoney, Banking, and the Financial System _cR. Glenn Hubbard & Anthony Patrick O'Brien |
||
| 250 | _a2nd Ed. | ||
| 260 |
_aBoston _bPearson Education Ltd. _c2014 |
||
| 650 | _2Finance | ||
| 942 |
_2lcc _cBK _e2nd Ed. _n0 |
||
| 999 |
_c8629 _d8629 |
||